Pc world

Bibliographic Details
Format: Book
Published: San Francisco : PWC Communications , 1984-
Subjects:

MARC

LEADER 00000cam a2200000 7i4500
001 0000015707
005 20080816.0
040 |a INS 
090 0 0 |a QA76..5   |b P49 
245 1 0 |a Pc world 
260 |a San Francisco :   |b PWC Communications ,   |c 1984- 
300 |a 1 v. :   |b ill. ;   |c 29cm. 
310 |a Monthly 
650 0 0 |a Microcomputers   |x Periodicals 
999 |a SER0000193   |b BOOK   |c Open Shelf   |e Default branch 
999 |a SER0000194   |b BOOK   |c Open Shelf   |e Default branch 
999 |a SER0000195   |b BOOK   |c Open Shelf   |e Default branch 
999 |a SER0000196   |b BOOK   |c Open Shelf   |e Default branch 
999 |a SER0000197   |b BOOK   |c Open Shelf   |e Default branch 
999 |a SER0000198   |b BOOK   |c Open Shelf   |e Default branch 
999 |a SER0000199   |b BOOK   |c Open Shelf   |e Default branch 
999 |a SER0000200   |b BOOK   |c Open Shelf   |e Default branch 
999 |a SER0000201   |b BOOK   |c Open Shelf   |e Default branch 
999 |a SER0000202   |b BOOK   |c Open Shelf   |e Default branch 
999 |a SER0000203   |b BOOK   |c Open Shelf   |e Default branch 
999 |a SER0000204   |b BOOK   |c Open Shelf   |e Default branch 
999 |a SER0000919   |b BOOK   |c Open Shelf   |e Default branch 
999 |a SER0000920   |b BOOK   |c Open Shelf   |e Default branch 
999 |a SER0000921   |b BOOK   |c Open Shelf   |e Default branch 
999 |a SER0000922   |b BOOK   |c Open Shelf   |e Default branch 
999 |a SER0001371   |b BOOK   |c Open Shelf   |e Default branch 
999 |a SER0001372   |b BOOK   |c Open Shelf   |e Default branch 
999 |a SER0001373   |b BOOK   |c Open Shelf   |e Default branch 
999 |a SER0001374   |b BOOK   |c Open Shelf   |e Default branch